000 00789nam a2200241 i 4500
003 DO-SdBNP
005 20250210113909.0
007 ta
008 240625b1998 dr ||||| |||| 00| 0 spa d
040 _aDO-SdBNP
_bspa
_cBNPHU
_erda
082 4 _222
100 1 _aArias, Luis,
_q(Arias Núñez)
_eautor
_99356
245 1 3 _aLa extradición interpretación y aplicación en República Dominicana /
_cLuis Arias Núñez
264 _aSanto Domingo :
_bCentenario,
_c1998.
300 _a354 páginas ;
_c23 cm.
336 _2rdacontent
_atexto
_btxt
337 _2rdamedia
_asin mediación
_bn
338 _2rdacarrier
_avolumen
_bnc
500 _aIncluye referencias bibliográficas y notas al pie de las páginas
590 _aInventariado, 2024/BT
910 _aBtavárez
942 _2ddc
_cLBS1
999 _c56967
_d56967